000 00608nam a2200205Ia 4500
005 20250923145335.0
008 008 250917s9999 xx 000 0 eng d
037 _aTextual
040 _aDSWL
_beng
_cDSWL
041 _aeng
_2eng
084 _aYX;5-x7.1, N73
_qDSWL
100 _aKaim-Caudle, P.R.
_9834256
245 0 _aComparative Social Policy and Social Security
_c by P.R. Kaim-Caudle
260 _aLondon
_bMartin Robertson
_c1973
300 _aviii,357p.
365 _aINR
_b47 . 76
925 _g47 . 76
942 _cTEXL
_hYX;5-x7.1, N73
999 _c1450204
_d1450204